[Event "Alta CC-ch"]
[Site "Alta"]
[Date "2015.03.04"]
[Round "7"]
[White "Arild, Steinar"]
[Black "Simonsen, David"]
[Result "0-1"]
[WhiteElo "1208"]
[BlackElo "1099"]
[PlyCount "112"]
[EventDate "2015.01.14"]
[EventType "swiss"]
[EventRounds "10"]
[EventCountry "NOR"]
[SourceTitle "EXT 2017"]
[Source "ChessBase"]
[SourceDate "2016.10.25"]
[SourceVersion "1"]
[SourceVersionDate "2016.10.25"]
[SourceQuality "1"]

1. e4 e5 2. Nf3 Nc6 3. Bc4 Nf6 4. d3 Bc5 5. h3 h6 6. a3 0-0 7. Nc3 d6 8. Bd2 a6 9. Qc1 b5 10. Ba2 Ne7 11. Bxh6 gxh6 12. Qxh6 Nh7 13. Nd5 Ng6 14. Nxc7 Qxc7 15. Qxg6+ Kh8 16. Qh6 f6 17. Nh4 Rf7 18. Bxf7 Qxf7 19. f4 exf4 20. Qxf4 Ng5 21. 0-0-0 Kg7 22. Nf5+ Bxf5 23. Qxf5 Qa2 24. Kd2 Qxb2 25. Rhf1 Bxa3 26. Ke3 Bc5+ 27. Ke2 Qxc2+ 28. Rd2 Qc3 29. h4 Nh7 30. h5 Rg8 31. g4 Kh8 32. Rdd1 Qe5 33. Qxe5 dxe5 34. Kf3 Bd4 35. Rb1 Rc8 36. h6 Kg8 37. Rfc1 Rc3 38. Rxc3 Bxc3 39. Rc1 b4 40. Rc2 Ba1 41. Ra2 Bc3 42. Rxa6 b3 43. Rb6 b2 44. Rb7 Ng5+ 45. Ke2 Ne6 46. Kd1 Nc5 47. Rg7+ Kh8 48. Kc2 Nxd3 49. Rc7 Bd4 50. Rb7 Nf2 51. Rb8+ Kh7 52. Rb7+ Kxh6 53. Rb8 Kg5 54. Rg8+ Kf4 55. g5 fxg5 56. Rf8+ Kxe4 0-1

[Event "Alta CC-ch"]
[Site "Alta"]
[Date "2015.01.14"]
[Round "2"]
[White "Simonsen, David"]
[Black "Kristoffersen, Henrik"]
[Result "1-0"]
[WhiteElo "1099"]
[BlackElo "929"]
[PlyCount "57"]
[EventDate "2015.01.14"]
[EventType "swiss"]
[EventRounds "10"]
[EventCountry "NOR"]
[SourceTitle "EXT 2017"]
[Source "ChessBase"]
[SourceDate "2016.10.25"]
[SourceVersion "1"]
[SourceVersionDate "2016.10.25"]
[SourceQuality "1"]

1. d4 Nf6 2. c4 e6 3. Nc3 Bb4 4. Bg5 h6 5. Bh4 g5 6. Bg3 Nc6 7. Qd3 d6 8. Nf3 Qe7 9. e4 d5 10. Nd2 Bxc3 11. bxc3 dxc4 12. Nxc4 b6 13. Ne5 Nxe5 14. Bxe5 Bb7 15. Qf3 Bxe4 16. Qxf6 Qxf6 17. Bxf6 Rg8 18. f3 Bb7 19. Bd3 a6 20. Bh7 Rf8 21. Bg7 0-0-0 22. Bxf8 Rxf8 23. Be4 f5 24. Bxb7+ Kxb7 25. 0-0-0 Re8 26. Rhe1 Kc6 27. d5+ Kb7 28. Rxe6 Rxe6 29. dxe6 1-0